Normal view
MARC view
- حقوق الانسان - قانون دولي
Entry Topical Term
001 - CONTROL NUMBER
- control field: 57868
003 - CONTROL NUMBER IDENTIFIER
- control field: JO-AjAnu
005 - DATE AND TIME OF LATEST TRANSACTION
- control field: 20230606083455.0
008 - FIXED-LENGTH DATA ELEMENTS
- fixed length control field: 230606|| aca||aabn | a|a d
040 ## - CATALOGING SOURCE
- Original cataloging agency: JO-AjAnu
- Transcribing agency: JO-AjAnu
150 ## - HEADING--TOPICAL TERM
- Topical term or geographic name entry element: حقوق الانسان - قانون دولي
670 ## - SOURCE DATA FOUND
- Source citation: Work cat.: (JO-AjAnu)29525: اللجنة الدولية للصليب الأحمر, author 57867, القانون الدولي الإنساني: إجابات على اسئلتك